| 000 | 00337nam a22001457a 4500 | ||
|---|---|---|---|
| 003 | OSt | ||
| 005 | 20160727222411.0 | ||
| 008 | 160624b xxu||||| |||| 00| 0 eng d | ||
| 040 | _cTEST | ||
| 100 |
_9997 _aLandorf, J |
||
| 245 | _aChange Points | ||
| 260 |
_aN.J _b Fleming H. Revell com _c1981 |
||
| 300 | _aChange Points | ||
| 942 |
_2ddc _cBK |
||
| 999 |
_c791 _d791 |
||